000 00457nam a22001577a 4500
999 _c9319
_d9319
008 210403b ||||| |||| 00| 0 eng d
040 _aBMS College of Architecture
100 _aH, A, Vijay
245 _aFilm City Bangalore
300 _aNA
500 _a1BM99AT041
502 _8B.Arch
_NBMS College of Architecture, Visvesvaraya Technological University
_aProject report
_d2003
650 _aFilm
700 _aChandrashekhar
_eGuide
942 _2ddc
_cTHE